Lyrics to 'A Dónde Vamos' by Morat - Statistics

General Stats
  • This quiz has been taken 52 times
  • The average score is 285 of 333
Answer Stats
Answer % Correct
"¿A
100%
"¿a
100%
"a
92%
a
92%
Como
92%
cómo
92%
como
92%
Con
92%
Cuando
92%
de
92%
dejo
92%
desaparece
92%
dónde
92%
estas
92%
ni
92%
no
92%
No
92%
o
92%
pude
92%
sé,
92%
92%
se
92%
segundo
92%
si
92%
un
92%
vamos?"
92%
y
92%
Y
92%
yo
92%
algo
83%
amo
83%
amor
83%
años"
83%
años
83%
apuestas
83%
aquí
83%
así
83%
aunque
83%
beber
83%
Beber
83%
bien
83%
buscando
83%
cerveza
83%
Contra
83%
convencerte
83%
creo
83%
del
83%
después
83%
destino
83%
diciendo
83%
dije
83%
dos
83%
el
83%
Emborracharme
83%
en
83%
Era
83%
existan
83%
existe
83%
extraño
83%
extraños
83%
fiesta
83%
¿fue
83%
fue
83%
fui
83%
hay
83%
historia
83%
la
83%
labios
83%
las
83%
Madrid
83%
mas
83%
más
83%
me
83%
Mejores
83%
mil
83%
mirarte
83%
moría
83%
mundo
83%
noches
83%
nos
83%
otra
83%
Perdona
83%
perfil
83%
por
83%
primera
83%
prueba
83%
que
83%
Que
83%
Que!
83%
quedamos
83%
quise
83%
Recuerdo
83%
respondiste
83%
sed
83%
sepa
83%
siguen
83%
solo
83%
Somos
83%
somos
83%
suerte?
83%
suerte
83%
sutil
83%
tan
83%
te
83%
"te
83%
Te
83%
ti,
83%
ti
83%
trago
83%
83%
tus
83%
verano
83%
verte
83%
vi
83%
vista
83%
Viviendo
83%
estaba
75%
estado
75%
gente
75%
he
75%
interesa
75%
pida
75%
Porque
75%
prevista
75%
resista
75%
siendo
75%
Hoy
67%
veces
58%
Eh
33%
No matching quizzes found
Score Distribution
Percent of People with Each Score
Percentile by Number Answered
Your Score History
You have not taken this quiz